000 01057nam a22003137a 4500
003 CHAP
005 20220329135552.0
008 971013s1970 r 00010 d
010 _a38644
011 _a39616
035 _a43737
040 _cCHAP
090 _aTesis
100 0 0 _aEspinosa Aguilar, Andrés.
_937891
245 _aEmpresas ejidales forestales ; análisis dasoeconómico de las empresas ejidales forestales, en el estado de Durango
260 _aChapingo, Méx. :
_bEl autor,
_c1970
300 _a39 h.
502 _aTesis (Ing. Agr. Esp. en Bosques) -- ENA. Departamento de Bosques
590 _aALEPH
_b10
_c20130110
_lUCH01
_h1304
590 _aBATCH-UPD
_b10
_c20130110
_lUCH01
_h1835
590 _aBATCH-UPD
_b10
_c20130410
_lUCH01
_h1206
590 _aBATCH-UPD
_b10
_c20130914
_lUCH01
_h0712
590 _aCONVERSION
_b10
_c20130109
_lUCH01
_h1321
650 1 4 _aBosques
_xAspectos económicos
_xDurango.
_914068
650 1 4 _aEjidos forestales.
_936042
901 _aBK
942 _cTESIS
949 _bBC
_cTES
_d-100026
_eTS1
_i43737
_si
999 _c38644
_d38644